01207cam a2200253K 45000010005000000030008000050050017000130080041000300350018000710400031000890410008001200820029001281100043001572450253002002600039004533000026004925000034005185060054005526500028006067100038006347760130006728560093008028560058008958162BD-RjUL20211208234532.0140118s1907 enk o 000 0 eng d a(BD-RjUL)8207 aOCLCEbengcOCLCEdBD-RjUL aeng04220a 614.5993 bBRI 19072 aInstitute of Actuaries (Great Britain)10aBritish offices life tables (1893) :b-Whole-life participating assurances--males. O[M] tables /c(computed by Messrs. H.H. Austin & F.P. Symons). Pub. und the joint authority of the Institute of actuaries and the Faculty of actuaries in Scotland. aHolborn :c1907bStaple Inn Hall ,0 a341p. :bIll ;c25cm. aCover-title; p.8: back cover. 3Use copyfRestrictions unspecified2star5MiAaHDL 0aLife insurancexTables.2 aFaculty of Actuaries in Scotland.08iPrint version:aInstitute of Actuaries (Great Britain).tBritish offices life tables (1893).d[London?] 1908w(OCoLC)68198805403HathiTrust Digital Libraryuhttp://catalog.hathitrust.org/api/volumes/oclc/68198805.html403Googleuhttp://books.google.com/books?id=ynU1AAAAMAAJ